[Event "Ho Chi Minh City HD Bank op 5th"]
[Site "Ho Chi Minh City"]
[Date "2015.03.19"]
[Round "5"]
[White "Cho, Seongho"]
[Black "Nguyen, Truong Bao Tran"]
[Result "1/2-1/2"]
[WhiteElo "2036"]
[BlackElo "1884"]
[PlyCount "119"]
[EventDate "2015.03.17"]
[EventType "swiss"]
[EventRounds "9"]
[EventCountry "VIE"]
[SourceTitle "CBM 165 Extra"]
[Source "ChessBase"]
[SourceDate "2015.04.21"]
[SourceVersion "1"]
[SourceVersionDate "2015.04.21"]
[SourceQuality "1"]

1. d4 Nf6 2. c4 d6 3. Nc3 g6 4. e4 Bg7 5. f3 0-0 6. Be3 e5 7. Nge2 exd4 8. Nxd4 Nc6 9. Be2 Ne8 10. Qd2 f5 11. exf5 Nxd4 12. Bxd4 Bxf5 13. 0-0 Bxd4+ 14. Qxd4 Qf6 15. Nb5 Qxd4+ 16. Nxd4 Bd7 17. f4 Ng7 18. Bf3 c6 19. Rad1 Rad8 20. g3 Nf5 21. Nc2 Be6 22. b3 Rfe8 23. Rd2 Rd7 24. Rfd1 Red8 25. Kf2 Kf7 26. g4 Ne7 27. Nd4 Rc7 28. Kg3 d5 29. c5 Bc8 30. h4 Ng8 31. g5 Re8 32. Rh2 Ne7 33. h5 Nf5+ 34. Kf2 Nxd4 35. hxg6+ hxg6 36. Rh7+ Kg8 37. Rxc7 Ne6 38. Rxc8 Rxc8 39. Bg4 Re8 40. Re1 Kf7 41. f5 Ng7 42. Rxe8 Nxe8 43. fxg6+ Kxg6 44. Bc8 b6 45. cxb6 axb6 46. Bd7 Nc7 47. Bxc6 Kxg5 48. Ke3 Kf5 49. Kd4 Ke6 50. b4 Kd6 51. Ba4 Ne6+ 52. Ke3 Ke5 53. Bc2 Nf4 54. a4 d4+ 55. Kf3 Nd5 56. a5 Nxb4 57. axb6 Kd6 58. b7 Kc7 59. Ke4 Kxb7 60. Kxd4 1/2-1/2

[Event "Ho Chi Minh City zt 3.3"]
[Site "Ho Chi Minh City"]
[Date "2015.03.13"]
[Round "7"]
[White "Tran, Quoc Dung"]
[Black "Cho, Seongho"]
[Result "1-0"]
[WhiteElo "2288"]
[BlackElo "2036"]
[PlyCount "77"]
[EventDate "2015.03.07"]
[EventType "swiss"]
[EventRounds "9"]
[EventCountry "VIE"]
[SourceTitle "CBM 165 Extra"]
[Source "ChessBase"]
[SourceDate "2015.04.21"]
[SourceVersion "1"]
[SourceVersionDate "2015.04.21"]
[SourceQuality "1"]

1. e4 c5 2. Nf3 Nc6 3. Nc3 Nf6 4. d4 cxd4 5. Nxd4 e5 6. Ndb5 d6 7. Bg5 a6 8. Bxf6 gxf6 9. Na3 b5 10. Nd5 f5 11. Bd3 Be6 12. Qh5 Rg8 13. g3 Bxd5 14. exd5 Nd4 15. c3 b4 16. Nc2 Nxc2+ 17. Bxc2 bxc3 18. Ba4+ Ke7 19. Qh4+ f6 20. Qxh7+ Bg7 21. b4 Qc8 22. Bc2 e4 23. f3 a5 24. fxe4 axb4 25. 0-0 Qc5+ 26. Kh1 Kf7 27. Rxf5 Raf8 28. Raf1 Ke7 29. Rxf6 Rxf6 30. Rxf6 Qe3 31. Rf1 Qe2 32. Qf5 Rh8 33. Qe6+ Kd8 34. Qxd6+ Kc8 35. Qc5+ Kd8 36. Rf2 Qa6 37. Rf7 Be5 38. Qe7+ Kc8 39. Qxe5 1-0

[Event "Ho Chi Minh City zt 3.3"]
[Site "Ho Chi Minh City"]
[Date "2015.03.11"]
[Round "5"]
[White "Htay, Min Lwin"]
[Black "Cho, Seongho"]
[Result "0-1"]
[WhiteElo "2286"]
[BlackElo "2036"]
[PlyCount "99"]
[EventDate "2015.03.07"]
[EventType "swiss"]
[EventRounds "9"]
[EventCountry "VIE"]
[SourceTitle "CBM 165 Extra"]
[Source "ChessBase"]
[SourceDate "2015.04.21"]
[SourceVersion "1"]
[SourceVersionDate "2015.04.21"]
[SourceQuality "1"]

1. d4 d5 2. Nf3 Nf6 3. Bf4 g6 4. e3 Bg7 5. h3 0-0 6. c4 c5 7. Nc3 Qa5 8. Qa4 Qxa4 9. Nxa4 cxd4 10. exd4 Nc6 11. Be2 dxc4 12. Bxc4 b6 13. 0-0 Nb4 14. a3 Nbd5 15. Be5 Bb7 16. Rfe1 Rac8 17. Rac1 Bh6 18. Bxd5 Nxd5 19. Rxc8 Rxc8 20. Bg3 e6 21. Ne5 Ba6 22. Ng4 Bg7 23. Ne3 Nxe3 24. fxe3 Rc2 25. Bb8 Bb7 26. Bxa7 Rxg2+ 27. Kf1 Rh2 28. Bxb6 Bf6 29. e4 Bh4 30. Kg1 Rc2 31. Rd1 Bxe4 32. Nc3 Bf2+ 33. Kf1 Bf5 34. Ne2 Be3 35. Ba5 Bxh3+ 36. Ke1 Rxb2 37. Bd2 Bg4 38. a4 Kf8 39. a5 Ke8 40. a6 Ra2 41. Bxe3 Rxe2+ 42. Kf1 Rxe3 43. Ra1 Bf3 44. a7 Rc3 45. a8Q+ Bxa8 46. Rxa8+ Ke7 47. Ke2 Kf6 48. Ra6 Kg7 49. Ra7 h5 50. Ra5 0-1

[Event "Ho Chi Minh City zt 3.3"]
[Site "Ho Chi Minh City"]
[Date "2015.03.10"]
[Round "4"]
[White "Turqueza, Mari Joseph"]
[Black "Cho, Seongho"]
[Result "1-0"]
[WhiteElo "2243"]
[BlackElo "2036"]
[PlyCount "69"]
[EventDate "2015.03.07"]
[EventType "swiss"]
[EventRounds "9"]
[EventCountry "VIE"]
[SourceTitle "CBM 165 Extra"]
[Source "ChessBase"]
[SourceDate "2015.04.21"]
[SourceVersion "1"]
[SourceVersionDate "2015.04.21"]
[SourceQuality "1"]

1. d4 d5 2. c4 e6 3. Nf3 Nf6 4. g3 Be7 5. Bg2 0-0 6. 0-0 dxc4 7. Qc2 a6 8. a4 Bd7 9. Qxc4 Bc6 10. Bf4 a5 11. Nc3 Na6 12. Rfe1 Nb4 13. Qb3 Ra6 14. Qd1 Nbd5 15. Bd2 Nb4 16. Bg5 Ne4 17. Bxe7 Qxe7 18. Ne5 Nxc3 19. bxc3 Bxg2 20. Kxg2 Nd5 21. Qd2 f6 22. Nc4 Nb6 23. Nb2 Qd6 24. e4 Rd8 25. Kf1 c5 26. Qe2 cxd4 27. cxd4 Qb4 28. Red1 Rxd4 29. Rxd4 Qxd4 30. Rd1 Qe5 31. Rd8+ Kf7 32. Nd3 Qa1+ 33. Kg2 Ra8 34. Qh5+ Ke7 35. Qe8# 1-0

[Event "Voronezh op-B 15th"]
[Site "Voronezh"]
[Date "2011.06.16"]
[Round "5"]
[White "Shestakov, Dmitry"]
[Black "Cho, Seongho"]
[Result "0-1"]
[WhiteElo "2284"]
[BlackElo "1801"]
[PlyCount "73"]
[EventDate "2011.06.12"]
[EventType "swiss"]
[EventRounds "9"]
[EventCountry "RUS"]
[SourceTitle "CBM 143 Extra"]
[Source "ChessBase"]
[SourceDate "2011.08.29"]
[SourceVersion "1"]
[SourceVersionDate "2011.08.29"]
[SourceQuality "1"]

1. e4 c5 2. c3 Nf6 3. e5 Nd5 4. d4 cxd4 5. cxd4 Nc6 6. Nf3 d6 7. Bc4 Nb6 8. Bb5 dxe5 9. Nxe5 Bd7 10. Nxc6 Bxc6 11. Bxc6+ bxc6 12. 0-0 e6 13. Nc3 Be7 14. Be3 0-0 15. Qf3 Nd5 16. Rfd1 Qa5 17. Nxd5 cxd5 18. a3 Qb5 19. b4 Rac8 20. Rac1 Rxc1 21. Rxc1 Qd3 22. Ra1 Rc8 23. Qd1 Qxd1+ 24. Rxd1 Bf6 25. b5 Rc4 26. Rc1 Rxc1+ 27. Bxc1 Bxd4 28. a4 Kf8 29. Kf1 Ke8 30. Ke2 Kd7 31. f3 Kc7 32. Kd3 Bf2 33. a5 Kd6 34. Ba3+ Bc5 35. b6 axb6 36. axb6 Kc6 37. Bb2 0-1

[Event "Voronezh op-B 15th"]
[Site "Voronezh"]
[Date "2011.06.14"]
[Round "3"]
[White "Korotchenkov, Viktor"]
[Black "Cho, Seongho"]
[Result "0-1"]
[WhiteElo "1645"]
[BlackElo "1801"]
[PlyCount "58"]
[EventDate "2011.06.12"]
[EventType "swiss"]
[EventRounds "9"]
[EventCountry "RUS"]
[SourceTitle "CBM 143 Extra"]
[Source "ChessBase"]
[SourceDate "2011.08.29"]
[SourceVersion "1"]
[SourceVersionDate "2011.08.29"]
[SourceQuality "1"]

1. e4 c5 2. g3 Nc6 3. Bg2 g6 4. f4 Bg7 5. Nf3 d6 6. d3 e6 7. 0-0 Nge7 8. c3 0-0 9. Be3 b6 10. h3 Bb7 11. Na3 f5 12. Ng5 Qd7 13. Qb3 Bc8 14. Rae1 h6 15. Nf3 Ba6 16. Qd1 fxe4 17. Nh4 Bxd3 18. Rf2 Kh7 19. Nb1 Rad8 20. Bf1 Bxf1 21. Rexf1 d5 22. g4 d4 23. Rd2 Qb7 24. cxd4 cxd4 25. Bxd4 Nxd4 26. Nc3 Rxf4 27. Ng2 e3 28. Rd3 Rf3 29. Qxf3 Nxf3+ 0-1